=LDR 00000nam 2200000 4500 =001 INLIS000000000023585 =005 20130612122233 =008 ***********************************Ind** =035 ##$$0010-061300000023585 =041 ##$$a Ind =082 ##$$a 658.403 =090 ##$$a 658.403, Nai s =100 ##$$a Nair, Mohan =245 ##$$a Sistem informasi berbasis aktivitas, Mohan Nair =260 ##$$a 2002 $b Jakarta =300 ##$$a 283 hlm, 23 cm =650 ##$$a Informasi akuntansi =850 ##$$a NBPNMAT =990 ##$$a 0001/BPAP-NTB/20142014 =990 ##$$a 0001/BPAP-NTB/20142015